Diccionario de dudas y dificultades del idioma
Guardat en:
| Format: | Llibre |
|---|---|
| Idioma: | espanyol |
| Publicat: |
Barcelona
Sopena
1998
|
| Col·lecció: | Colección Dudas del Idioma Iter 2000
|
| Matèries: | |
| Etiquetes: |
Afegir etiqueta
Sense etiquetes, Sigues el primer a etiquetar aquest registre!
|
MARC
| LEADER | 00000nam a2200000 a 4500 | ||
|---|---|---|---|
| 001 | UCO0498 | ||
| 003 | CL-VaPUC | ||
| 008 | 000420e19980000SP |||||||||||||||||spa|d | ||
| 082 | 0 | 4 | |a 461 |b DIC |2 21 |
| 245 | 1 | 0 | |a Diccionario de dudas y dificultades del idioma |
| 300 | |a 616 p | ||
| 942 | |c BK | ||
| 945 | |d 20000420 00:00:00 |a rbrito | ||
| 260 | |a Barcelona |b Sopena |c 1998 | ||
| 650 | 0 | |a Idioma español |9 309143 | |
| 650 | 0 | |a Ortografía |9 309144 | |
| 650 | 0 | |a Educación lingüística |9 306506 | |
| 650 | 0 | |a Gramática |9 270497 | |
| 650 | 0 | |a Escritura |9 264941 | |
| 583 | |a last modification |c 20170830 09:59:57 |k Rodrigo Vera | ||
| 490 | 0 | |a Colección Dudas del Idioma Iter 2000 | |
| 999 | |c 287195 |d 287193 | ||